Glimpses of medieval Indian culture / (Record no. 26184)
[ view plain ]
| 000 -LEADER | |
|---|---|
| fixed length control field | 00837nam a2200277 i 4500 |
| 001 - CONTROL NUMBER | |
| control field | 26184 |
| 003 - CONTROL NUMBER IDENTIFIER | |
| rucl marc code | BD-RjUL |
| 005 - DATE AND TIME OF LATEST TRANSACTION | |
| control field | 20211209051001.0 |
| 008 - FIXED-LENGTH DATA ELEMENTS--GENERAL INFORMATION | |
| fixed length control field | 140320r19731959ii 001 0 eng d |
| 035 ## - SYSTEM CONTROL NUMBER | |
| System control number | (BD-RjUL)26254 |
| 040 ## - CATALOGING SOURCE | |
| Original cataloging agency | MNB |
| Transcribing agency | MNB |
| Modifying agency | OCL |
| -- | EQO |
| -- | BD-RjUL |
| Language of cataloging | eng |
| 041 ## - LANGUAGE CODE | |
| Language code of text/sound track or separate title | eng |
| 082 ## - DEWEY DECIMAL CLASSIFICATION NUMBER | |
| Classification number | 915.4 |
| Author mark and year | HUG 1973 |
| Edition number | 23 |
| 090 ## - LOCALLY ASSIGNED LC-TYPE CALL NUMBER (OCLC); LOCAL CALL NUMBER (OCLC) | |
| Classification number (OCLC) (R) ; Classification number, CALL (RLIN) (NR) | DS427 |
| Local cutter number (OCLC) ; Book number/undivided call number, CALL (RLIN) | .K5 1959x |
| 100 1# - MAIN ENTRY--PERSONAL NAME | |
| Personal name | Husain, Yusuf. |
| 9 (RLIN) | 80472 |
| 245 10 - TITLE STATEMENT | |
| Title | Glimpses of medieval Indian culture / |
| Statement of responsibility, etc. | Yusuf Husain. |
| 250 ## - EDITION STATEMENT | |
| Edition statement | 2nd ed. |
| 260 ## - PUBLICATION, DISTRIBUTION, ETC. (IMPRINT) | |
| Place of publication, distribution, etc. | Bombay ; |
| -- | London : |
| Name of publisher, distributor, etc. | Asia Publishing House, |
| Date of publication, distribution, etc. | c1959 [Reprinted 1962-1973]. |
| 300 ## - PHYSICAL DESCRIPTION | |
| Pagination | 165 p. ; |
| Size | 23 cm. |
| 504 ## - BIBLIOGRAPHY, ETC. NOTE | |
| Bibliography, etc | Includes bibliographical footnotes and index. |
| 650 #0 - SUBJECT ADDED ENTRY--TOPICAL TERM | |
| Topical term or geographic name as entry element | Muslims |
| Geographic subdivision | India. |
| 9 (RLIN) | 80473 |
| Topical term or geographic name as entry element | Sufism |
| 9 (RLIN) | 5411 |
| 651 #0 - SUBJECT ADDED ENTRY--GEOGRAPHIC NAME | |
| Geographic name | India |
| General subdivision | Intellectual life |
| 9 (RLIN) | 2283 |
| Geographic name | India |
| General subdivision | Religion |
| 9 (RLIN) | 80474 |
| 942 ## - ADDED ENTRY ELEMENTS (KOHA) | |
| Source of classification or shelving scheme | Dewey Decimal Classification |
| Koha item type | Books |
| Lost status | Source of classification or shelving scheme | Damaged status | Not for loan | Collection code | Permanent Location | Current Location | Shelving location | Date acquired | Source of acquisition | Total Checkouts | Full call number | Date last seen | Copy number | Koha item type | Cost, normal purchase price |
|---|---|---|---|---|---|---|---|---|---|---|---|---|---|---|---|
| Dewey Decimal Classification | Non-fiction | Central Library, University of Rajshahi | Central Library, University of Rajshahi | 08/07/1974 | India Govt | 915.4 HUG 1973 | 20/03/2014 | C-6 | Books | ||||||
| Dewey Decimal Classification | Non-fiction | Central Library, University of Rajshahi | Central Library, University of Rajshahi | 11/05/2014 | 915.4 HUG 1973 | 11/05/2014 | C-5 | Books | |||||||
| Dewey Decimal Classification | Non-fiction | Central Library, University of Rajshahi | Central Library, University of Rajshahi | 06/05/1967 | American B.P.S Agency | 915.4 HUG 1973 | 10/11/2016 | C-2 | Books | 11.78 | |||||
| Dewey Decimal Classification | Not For Loan | Non-fiction | Central Library, University of Rajshahi | Central Library, University of Rajshahi | Reading Room | 26/10/1962 | Zeithlinger. | 915.4 HUG 1959 | 08/02/2017 | C-1 | Books | 21.00 |